000 00882cam a2200373ua 4500
020 _c6.00
041 _amal
_h
082 _a630.717
_bNAI/KA
100 _aNair, P S .
245 _aKarshika Vijnana vyapanam /
_cP S Nair.
_hTextual Documents
250 _a1 /
_b.
260 _aThiruvananthapuram :
_bState Instititute of Languages ,
_c1973.
300 _a218 ; .
365 _a6.00
504 _a
942 _cBK
999 _c6020
_d6020